000
00279nam a2200121Ia 4500
100
_a
Hartman/W & Others
942
_c
BK
654
_a
Handbook
245
_a
Management Informaion Systems Handbook
260
_b
McGraw Hill
_a
NEWYORK
_c
1972
082
_a
658.4
546
_a
ENGLISH
999
_c
29129
_d
29129